000
00323nam a22001457a 4500
008
210426b ||||| |||| 00| 0 eng d
020
_a
0309036852
041
_a
eng
080
_a
574
082
_a
574
100
_a
9
101
_a
MJE
245
_a
Ground Water Quality Protection
_c
D.C, Washington
942
_2
udc
_c
BK
999
_c
56768
_d
56768